| 000 | 01188nam a2200325 i 4500 | ||
|---|---|---|---|
| 001 | 000023757 | ||
| 003 | DO-SdBNP | ||
| 005 | 20250724092211.0 | ||
| 007 | ta | ||
| 008 | 110113t1994 dr a 001 p spa d | ||
| 040 |
_aDO-SdBNP _bspa _cBNPHU _erda |
||
| 041 | _aspa | ||
| 082 | 4 |
_aRD861.5 _bA185t _222 |
|
| 100 | 1 |
_aAcosta Polanco, José Alberto, _d1964- _eautor _4aut. _924339 |
|
| 245 | 1 | 0 |
_aTerritorios extraños / _cJosé Acosta ; presentación, Celsa Albert Batista. |
| 264 |
_aSanto Domingo, República Dominicana : _bSecretaría de Estado de Educación, Bellas Artes y Cultos, _c1994. |
||
| 300 |
_a72 páginas : _bilustraciones ; _c21 cm. |
||
| 336 |
_atexto _btxt _2rdacontent |
||
| 337 |
_asin mediación _bn _2rdamedia |
||
| 338 |
_avolumen _bnc _2rdacarrier |
||
| 490 | 1 | _aPremios Anuales | |
| 586 | _aPremio anual de poesía Salomé Ureña de Henríquez, 1993-1994 | ||
| 590 | _aInventariado, 2018/VM | ||
| 650 | 0 |
_aPoesía dominicana _966 |
|
| 650 | 0 |
_aLiteratura dominicana. _967 |
|
| 700 | 1 |
_aAlbert Batista, Celsa, _epresentador _4pr. _91180 |
|
| 830 | 0 |
_aPremios Anuales de Literatura _919484 |
|
| 910 | _aValidado. Control de calidad EMS. | ||
| 942 |
_2ddc _cLBS1 |
||
| 999 |
_c23253 _d23253 |
||